| 000 | 00486nam a2200145Ia 4500 | ||
|---|---|---|---|
| 008 | 100122s9999 xx 000 0 und d | ||
| 082 |
_b59866 _a920.72 |
||
| 100 | _aगानू सुजाता | ||
| 245 | _aअशी ही पुलंची फुलराणी | ||
| 260 |
_bसंयम _c2001 |
||
| 300 | _a127 | ||
| 630 | _aअशी ही पुलंची फुलराणी | ||
| 730 | _aअशी ही पुलंची फुलराणी | ||
| 942 | _cBOOK | ||
| 999 |
_c435189 _d435186 |
||